000 00683nam a2200229Ia 4500
003 GCL
008 140319s9999 xx 000 0 ara d
040 _aGCL /
_cGCL
082 0 4 _a813.01
_bك ى
100 1 _aكبار الادباء
245 1 0 _aيوسف ادريس بقلم كبار الادباء /
_cكبار الادباء
250 _aالاولى
260 _aالقاهرة :
_bمكتبة مصر ،
_c1986
300 _a396 ص ؛
_c18 سم
490 _a
650 0 4 _aالادب العربى
650 0 4 _aالمقالات العربية
650 0 4 _aيوسف ادريس
650 0 4 _aتاريخ ونقد
650 0 4 _aالمجموعات
942 _2ddc
_cBK
999 _c34379
_d34379